Campeões da Taça Libertadores da América - Statistics

Estatísticas Gerais
  • Esse quiz foi jogado 26 172 vezes
    26 023 desde o último reset
  • A pontuação média é 19 de 25
Estatísticas das Respostas
Ano Time % Correto
2019, 1981 Flamengo
99%
2021-20, 1999 Palmeiras
99%
2017, 1995, 1983 Grêmio
95%
2018, 2015, 1996, 1986 River Plate
95%
2011, 1963-62 Santos
95%
2005, 1993-92 São Paulo
95%
2007, 2003, 2001-00, 1978-77 Boca Juniors
94%
2012 Corinthians
94%
2010, 2006 Internacional
92%
2013 Atlético Mineiro
90%
1998 Vasco da Gama
87%
1997, 1976 Cruzeiro
83%
1987, 1982, 1966, 1961-60 Peñarol
79%
1984, 1975-72, 1965-64 Independiente
73%
1988, 1980, 1971 Nacional
72%
2016, 1989 Atlético Nacional
68%
2009, 1970-68 Estudiantes
64%
2008 LDU
63%
2002, 1990, 1979 Olímpia
62%
1967 Racing
62%
2014 San Lorenzo
62%
1991 Colo-Colo
57%
2004 Once Caldas
51%
1994 Vélez Sarsfield
47%
1985 Argentinos Juniors
32%
Nenhum quiz correspondente encontrado
Distribuição das Pontuações
Porcentagem de Pessoas com Cada Pontuação
Percentil de Números Respondidos
Sua Pontuação Histórica
Você não jogou esse quiz desde o último reset